Statistiques concernant Harry Potter : quelques questions faciles

Cliquez ici pour prendre le quiz!

Statistiques générales

  • Ce quiz a été pris 99 fois
  • Le résultat moyen est 11 sur 15

Statistiques - réponses

QuestionRéponse% Correct
Le personnage principalHarry Potter
100%
Le grand méchant de l’histoireLord Voldemort
99%
La parrain du personnage principalSirius Black
97%
Nombre de maison à Poudlard4
90%
Le sport des sorciersLe quidditch
87%
Le titre de Harry Potter 6Harry Potter et le prince de sang-mêlé
85%
La chouette du personnage principalHedwige
83%
Un professeur qui est un animagusMinerva McGonagall
79%
La relique de la mort donnée à Ignorus PeverellLa cape d’invisibilité
75%
L’adresse des Dursley4 Privet Drive
74%
L’ainé de la famille WeasleyBill Weasley
71%
Le fantôme de PoufsouffleLe moine Gras
67%
Nom anglais de SerdaigleRavenclaw
54%
Le nom complet de la fille de Ginny WeasleyLily Luna Potter
32%
L’horcruxe détruit par Hermione GrangerLa coupe d’Helga Poufsouffle
25%

Distribution des résultats

Percentile par nombre de réponses

% des personnes avec chaque résultat

Votre développement - résultats

Vous n’avez pas pris ce quiz